| 000 | 00958nas a2200289 4500 | ||
|---|---|---|---|
| 001 | BR8702038 | ||
| 003 | BR-BrBNA | ||
| 005 | 20231205090637.0 | ||
| 007 | ta | ||
| 008 | 230509b bl.|||p| |||| 00| 00por d | ||
| 040 |
_aBR-BrBNA _bpor _cBiblioteca Nacional de Agricultura |
||
| 041 | _a(Pt) | ||
| 072 | _aF61 | ||
| 100 | 1 | _aHiroce, R. | |
| 100 | 1 | _aBenatti Junior, R. | |
| 100 | 1 | _aFujiwara, M. | |
| 100 | 1 | _aPaulo, E.M. | |
| 111 | 1 |
_a20. Congresso Brasileiro de Ciencia do Solo _cBelem, PA (Brazil) _d14-21 Jul 1985 |
|
| 245 | 1 | _aMarcha de absorcao de nutrientes pelo rami Miyasaki conduzido em casa de vegetacao [Boehmeria nivea] | |
| 246 | 1 | _aNutrient uptake by ramie "Miyasaki" grown under greenhouse conditions | |
| 650 | _aRAMI | ||
| 650 | _aNUTRIENTE | ||
| 650 | _aABSORCAO | ||
| 773 | 0 |
_tBragantia (Brazil) _xISSN 0006-8705 _g(1985), v. 44(2) p. 687-693 _wBR8702038 |
|
| 909 |
_a202311 _bLúcia _c55 _dLúcia Elande |
||
| 942 |
_2AGRIS _n0 _cANA |
||
| 999 |
_c119979 _d119979 |
||